| 000 | 00402nam a2200145Ia 4500 | ||
|---|---|---|---|
| 008 | 210210b1977 xxu||||| |||| 00| 0 eng d | ||
| 082 | _a327 PATI | ||
| 100 | _aPATIL (M S) & NARGUNDAKAR (S B). | ||
| 245 | _aInternational relations. | ||
| 260 |
_aDharwar _bBharat book depot _c1977 |
||
| 300 | _a207 | ||
| 650 | _aInternational relations text | ||
| 690 | _aInternational Relations | ||
| 906 | _aSG00581 | ||
| 999 |
_c112189 _d112189 |
||